BIBLIOTHÈQUE DE LA MAISON DU MEXIQUE

Logo 1 Logo 2

Sinaloa, crecimiento agrícola y desperdicio (notice nᵒ 6387)

détails MARC
000 -Sello discográfico
campo de control de longitud fija 01143nam a2200301 4500
005 - Identificación de versión
campo de control 20251016084639.0
099 ## - fechas locales
Tipo de ítem Koha LIBRO
100 ## - Datos de procesamiento general
Datos de procesamiento general 20230228d1974 m y1spay5003 ba
105 ## - Campo de datos codificados: Material textual, monográfico
Datos codificados de monografía a 001zy
200 1# - Título y mención de responsabilidad
Título propio Sinaloa, crecimiento agrícola y desperdicio
Designación general del material texto impreso
Primer mención de responsabilidad José Luis Ceceña Cervantes, Fausto Burgueño Lomelí, Silvia Millán Echeagaray
205 ## - Declaración de edición
Declaración de edición 1a ed
210 ## - Publicación, distribución, etc.
Lugar de publicación, distribución, etc. México
Nombre del editor, distribuidor, etc. Universidad Nacional Autónoma de México, Instituto de Investigaciones Económicas
Fecha de publicación, distribución, etc. 1973
215 ## - Descripción física
Designación de material específico y extensión del ítem 243 p
Otras características físicas cuadros
Dimensiones 23 cm
345 ## - Nota de información de adquisición
Fuente de adquisición/dirección de la suscripción [OBSOLETO] Donación
606 ## - Término temático usado como materia
Elemento de entrada Agricultura
Subdivisión temática Aspectos económicos
Subdivisión geográfica Sinaloa (México)
Número Koha 12159
607 ## - Nombre geográfico utilizado como tema
Elemento de entrada Sinaloa (México)
Subdivisión temática Condiciones económicas
Número Koha 12160
660 ## - Código de área geográfica
Código MX
700 ## - Nombre personal - Responsabilidad primaria
Elemento de entrada Ceceña Cervantes
Parte del nombre distinta del elemento de entrada José Luis
Fechas 1937-1980
Número Koha 12161
701 ## - Nombre personal - Responsabilidad alternativa
Elemento de entrada Burgueño Lomelí
Parte del nombre distinta del elemento de entrada Fausto
Fechas 1943-
Número Koha 12162
701 ## - Nombre personal - Responsabilidad alternativa
Elemento de entrada Millán Echeagaray
Parte del nombre distinta del elemento de entrada Silvia
Número Koha 12163
801 #0 - Fuente de origen
País FR
Agencia cm
Reglas de catalogación (convenciones descriptivas) AFNOR
900 ## -
-- 1/21961
900 ## -
-- 7100417642\080104
942 ## - ELEMENTOS DE ENTRADA SECUNDARIOS (KOHA)
Tipo de ítem Koha Livre
996 ## -
-- MEX
-- 751145101
-- MMAG
-- 007562
-- 338.1 C387S
-- 20230228LIV
Exemplaires
Estatus retirado Estado de daño Estado de pérdida Fecha de adquisición Biblioteca de origen Biblioteca actual Ubicación en estantería Código de barras Precio de reemplazo Signatura topográfica completa No para préstamo Tipo de ítem Koha Nota pública Nota no pública
      05/08/2025 Casa México Paris Casa México Paris   007562 05/08/2025 338.1 C387S   Livre 20230228LIV 751145101